000 00679nam a2200121Ia 4500
008 220620s9999||||xx |||||||||||||| ||und||
245 0 _aNew Directions in Strategic Thinking 2.0
_bANU Strategic & Defence Studies Centre's Golden Anniversary Conference Proceedings
546 _aEnglish[eng]
650 _aInternational relations||Strategic studies||Security studies||Australia||China||Cold War||United States
700 _aGlenn, Russell W.
856 _uhttps://library.oapen.org/bitstream/20.500.12657/29542/1/anu2book.pdf||https://library.oapen.org/bitstream/20.500.12657/29542/1/anu2book.pdf||https://library.oapen.org/bitstream/20.500.12657/29542/1/anu2book.pdf
942 _cEB
999 _c22493
_d22493